[Event "Hunan Belt and Road Open 2019"]
[Site "Hunan"]
[Date "2019.08.05"]
[Round "8.7"]
[White "Naiditsch, Arkadij"]
[Black "Zhao, Jun"]
[Result "1/2-1/2"]
[WhiteElo "2681"]
[BlackElo "2636"]
[Annotator "TA"]
[PlyCount "125"]
[EventDate "2019.07.29"]
[EventType "swiss"]
[EventCountry "CHN"]
[SourceTitle "playchess.com"]
[Source "ChessBase"]
[SourceQuality "1"]

{[%evp 18,125,9,18,13,6,21,8,12,0,0,0,-6,-4,-4,-19,-21,-24,0,0,0,0,0,-34,0,0,23,26,22,0,0,0,0,0,0,0,0,0,0,0,0,0,0,22,53,0,22,15,23,16,59,0,48,40,86,55,61,71,59,75,67,10,8,17,72,0,0,0,0,0,0,0,8,8,28,28,28,28,28,28,38,34,72,72,77,68,84,88,113,0,0,7,14,22,18,18,26,23,35,8,8,0,0,3,3,0,0,0,0,0]} 1. e4 e5 2. Nf3 Nf6 3. Nc3 Nc6 4. Bb5 Bb4 5. O-O O-O 6. d3 Bxc3 7. bxc3 d6 8. Bg5 Bd7 9. Rb1 h6 10. Bh4 a6 {C49: Four Knights: 4 Bb5 Bb4} 11. Ba4 Rb8 (11... b5 12. Bb3 Na5 13. h3 Qe7 14. Re1 Nxb3 15. axb3 g5 16. Bg3 Nh7 17. d4 f6 18. c4 {½-½ (85) Perunovic,M (2436)-Parligras,M (2657) Skopje 2019}) 12. Re1 Re8 13. h3 $146 ({Predecessor:} 13. Bb3 Na5 14. d4 Bg4 15. h3 Bxf3 16. Qxf3 Nxb3 17. cxb3 {1-0 (41) Persson,C-Cardosa,R ICCF corr 1994}) 13... Ne7 14. Bxd7 Nxd7 15. d4 Qc8 16. Bxe7 Rxe7 17. Nh4 Nf6 18. Nf5 Re8 19. Qf3 Kh7 20. g4 (20. Qd3 {with more complications.} Qe6 21. c4 Nh5 22. d5 Qd7 23. Qe3) 20... Ng8 21. Ne3 Qe6 22. Nd5 Rec8 23. Qd3 Qe8 24. Qg3 c6 25. Nb6 Rd8 26. f4 Nf6 27. fxe5 dxe5 28. Nc4 $36 {[%mdl 2048] White has good play.} Nd7 $1 29. Nd6 Qe7 $1 {[%cal Re7d6]} 30. Nxb7 Rdc8 31. Qd3 ({Better is} 31. Rb3 $14) 31... Rc7 32. Na5 {White wants to play Rxb8.} (32. Qxa6 Qh4 $17) 32... Rxb1 33. Rxb1 Nc5 34. Qf3 ({Much weaker is} 34. dxc5 Qxc5+ 35. Kf1 Qxa5 $15) (34. Qe3 $1 $14 Qe6 35. Nb3 (35. dxc5 Qxa2 {[%mdl 64] Double Attack} 36. Rb8 Qxa5 $15) 35... exd4 36. Nxc5 (36. cxd4 Nxe4 37. Re1 Ng5 $11) 36... dxe3 37. Nxe6 fxe6 38. Kf1) 34... exd4 35. cxd4 {[#] And now Qf5+ would win.} Qxe4 36. Qxe4+ (36. Qf5+ {keeps more tension.} Qxf5 37. gxf5 Ne4 38. Rb6 c5 39. d5) 36... Nxe4 $11 {[%mdl 4096] Endgame KRN-KRN} 37. Rb6 c5 38. d5 c4 39. Rxa6 (39. d6 $14 Rc5 40. Nb7 (40. Rxa6 Nxd6 41. a4 Ne4 $11)) 39... Rc5 40. Kg2 c3 (40... f5 $11 {remains equal.}) 41. Kf3 (41. d6 $16) 41... Ng5+ 42. Ke3 {[#] h4 is the strong threat.} Rxd5 43. h4 Ne6 44. Nb3 g5 45. hxg5 Rxg5 46. Ra4 h5 47. gxh5 Rxh5 48. Rc4 Rh3+ 49. Ke4 Kg6 50. Kd5 Kf6 51. a4 {[%cal Ba2a4,Ba4a5][%mdl 32]} Ke7 52. a5 Kd7 53. Ke5 (53. Nc5+ $16 Nxc5 54. Kxc5) 53... Re3+ 54. Kf5 Rf3+ 55. Kg4 Rf2 56. Rxc3 Rf4+ 57. Kg3 {Black must now prevent Nc5+.} Ra4 58. Rf3 Ke7 {The position is equal.} 59. Rf1 Rc4 60. Rc1 Nc5 61. Re1+ Kd6 62. Rd1+ Kc7 63. Nxc5 {Accuracy: White = 52%, Black = 63%.} 1/2-1/2

[Event "Hunan Belt and Road Open 2019"]
[Site "Hunan"]
[Date "2019.08.05"]
[Round "8.8"]
[White "Zeng, Chongsheng"]
[Black "Le, Quang Liem"]
[Result "1-0"]
[WhiteElo "2551"]
[BlackElo "2713"]
[Annotator "TA"]
[PlyCount "75"]
[EventDate "2019.07.29"]
[EventType "swiss"]
[EventCountry "CHN"]
[SourceTitle "playchess.com"]
[Source "ChessBase"]
[SourceQuality "1"]

{[%evp 12,75,47,11,32,32,37,16,29,19,16,13,34,22,36,11,36,47,48,30,36,35,19,40,50,41,43,0,20,0,4,7,33,16,15,17,31,9,39,29,41,49,35,31,49,16,516,505,481,499,462,480,468,460,431,339,294,268,2366,2318,6370,1675,6370,6370,5497,5481]} 1. e4 c5 2. Nf3 Nc6 3. d4 cxd4 4. Nxd4 e6 5. Nc3 Qc7 6. Be3 a6 7. Qd2 Be7 {B48: Sicilian: Taimanov: 5 Nc3 Qc7 6 Be3 a6 without Be2} 8. O-O-O Nf6 9. f3 b5 {The position is equal.} 10. Nxc6 dxc6 11. g4 e5 12. h4 Be6 13. Qf2 {[#]} h5 $146 ({Predecessor:} 13... O-O 14. h5 h6 15. g5 hxg5 16. h6 {1-0 (34) Saric,I (2632)-Mareco,S (2650) Linares 2017}) 14. g5 Nd7 15. Bh3 Bxh3 16. Rxh3 O-O-O 17. f4 Bb4 18. Rd3 Kb7 19. f5 Nb6 20. Bc5 Bxc5 21. Qxc5 Rd7 22. Rxd7 Nxd7 23. Qg1 Qb6 24. Qd1 Kc8 25. Rd3 Nc5 26. Rd6 Qc7 $1 {Strongly threatening ...b4.} 27. a3 $36 {[%mdl 2048] White has good play.} Nb7 28. Rd3 g6 $2 {[%mdl 8192] [#]} (28... Nc5 $11 {and Black has nothing to worry.}) 29. Nd5 $1 $18 {[%mdl 512]} Qd8 (29... cxd5 30. Rc3) 30. Nb4 Qb6 {[#]} 31. Nxc6 $1 {[%mdl 512]} Qxc6 {[#]} 32. Rc3 $1 {[%cal Rc3c6]} Nc5 {intending ...Rd8.} 33. Qg1 Kb7 {And now ...Rc8 would win.} 34. Qxc5 Qxe4 $2 (34... Qxc5 35. Rxc5 Re8 36. fxg6 fxg6) 35. Kb1 {White is clearly winning.} Qd4 36. Qc7+ Ka8 {[#]} 37. Rc6 $1 {[%mdl 512]} Qa7 38. Qd6 {Accuracy: White = 74%, Black = 39%.} 1-0

[Event "Hunan Belt and Road Open 2019"]
[Site "Hunan"]
[Date "2019.08.05"]
[Round "8.9"]
[White "Lupulescu, Constantin"]
[Black "Megaranto, Susanto"]
[Result "1/2-1/2"]
[WhiteElo "2649"]
[BlackElo "2545"]
[Annotator "TA"]
[PlyCount "79"]
[EventDate "2019.07.29"]
[EventType "swiss"]
[EventCountry "CHN"]
[SourceTitle "playchess.com"]
[Source "ChessBase"]
[SourceQuality "1"]

{[%evp 9,79,28,28,30,29,32,35,22,38,37,38,10,10,11,17,18,21,12,16,0,0,0,0,9,16,10,16,18,25,0,10,15,22,21,29,0,13,7,13,19,10,6,11,0,0,0,37,27,67,64,51,60,69,16,28,10,10,10,10,10,12,0,0,0,0,0,20,0,9,7,7,0]} 1. e4 c6 2. d4 d5 3. exd5 cxd5 4. Nf3 Bg4 5. h3 Bxf3 6. Qxf3 {B13: Caro-Kann: Exchange Variation and Panov-Botvinnik Attack} Nc6 7. c3 g6 (7... Nf6 8. Bd3 g6 9. O-O Bg7 10. Bg5 Qb6 11. b4 O-O 12. Nd2 Rad8 13. Rfe1 Rfe8 14. Nb3 Qc7 15. Rac1 h6 16. Bf4 {½-½ (38) Kramnik,V (2792)-Anand,V (2759) Paris 2018}) 8. Bd3 {White is slightly better.} e6 9. O-O Bh6 $146 ({Predecessor:} 9... Bg7 10. Bf4 Nge7 11. Nd2 O-O 12. Qe2 a6 13. a4 Rc8 14. Nf3 Na5 {0-1 (43) Sankova,S (1822)-Petran,P (2320) Banska Stiavnica 2017}) 10. Na3 (10. Bxh6 {is more complex.} Nxh6 11. Nd2 O-O 12. Rae1 Re8 13. Nb3) 10... Bxc1 11. Raxc1 Nf6 12. Rce1 O-O 13. Re2 Rb8 14. Rfe1 Kg7 15. Qf4 Nh5 16. Qd2 Qc7 17. Re3 a6 18. Nc2 Rfe8 19. Rf3 e5 20. dxe5 Nxe5 21. Rfe3 Nf6 22. R1e2 Nc6 (22... Rbd8 {looks sharper.} 23. Nd4 Nc4 24. Bxc4 Rxe3 25. Rxe3 dxc4 26. Qe1 Kf8) 23. Rxe8 Rxe8 24. Rxe8 Nxe8 25. Be2 Qb6 26. b4 Nf6 27. Bf3 Ne7 28. Ne3 {[%cal Re3d5]} a5 29. a3 {[%cal Ba2a3,Ba3b4][%mdl 32]} axb4 30. axb4 {[%cal Rf3d5]} Qe6 31. Qd3 (31. c4 $14) 31... h5 32. h4 Qe5 {The position is equal.} 33. g3 b6 34. Kg2 Kf8 35. c4 {[%cal Rc4d5]} d4 36. Nc2 Nf5 37. Qd2 Kg7 38. Ne1 Qe6 39. Qe2 Qc8 $1 40. Nc2 {Accuracy: White = 51%, Black = 66%.} 1/2-1/2

[Event "Hunan Belt and Road Open 2019"]
[Site "Hunan"]
[Date "2019.08.05"]
[Round "8.10"]
[White "Deac, Bogdan-Daniel"]
[Black "Li, Di"]
[Result "1/2-1/2"]
[WhiteElo "2621"]
[BlackElo "2523"]
[Annotator "TA"]
[PlyCount "103"]
[EventDate "2019.07.29"]
[EventType "swiss"]
[EventCountry "CHN"]
[SourceTitle "playchess.com"]
[Source "ChessBase"]
[SourceQuality "1"]

{[%evp 9,103,9,17,19,16,-8,-3,-7,16,11,25,8,11,-4,4,0,-8,-8,0,-6,-16,-20,19,21,27,22,34,17,47,50,45,36,38,46,44,16,52,18,40,42,34,12,26,0,0,0,15,10,14,-28,27,0,25,24,18,0,0,0,0,0,0,0,0,0,0,0,0,0,0,0,0,0,0,0,0,0,0,-12,-12,-16,-22,-35,0,-48,0,-55,0,-2,0,-8,0,0,0,0,0,-17]} 1. e4 e5 2. Nf3 Nf6 3. Nxe5 d6 4. Nd3 (4. Nf3 Nxe4 5. d4 d5 6. Bd3 Bd6 7. O-O O-O 8. c4 c6 9. Re1 Bf5 10. Qb3 Qd7 11. Nc3 Nxc3 12. Bxf5 Qxf5 13. bxc3 b6 14. Bg5 dxc4 15. Qxc4 b5 16. Qb3 Nd7 17. Be7 Bxe7 18. Rxe7 {½-½ (30) Naiditsch,A (2695)-Wang,H (2726) China 2019}) 4... Nxe4 5. Qe2 Qe7 6. Nf4 {[#] And now Nd5 would win. C42: Petroff Defence: 3 Nxe5 and unusual White 3rd moves} Nc6 {...Nd4 is the strong threat.} 7. c3 {aiming for Nd5.} Nf6 $1 8. d4 Qxe2+ 9. Bxe2 d5 10. f3 Nd8 $146 ({Predecessor:} 10... Bd6 11. g4 g5 {1-0 (55) Obada,E (1865)-Batagan,I (1684) Calimanesti Caciulata 2019}) 11. g4 Ne6 12. h4 Bd6 13. Nxe6 Bxe6 14. h5 h6 15. Na3 {[%cal Bb1a3,Ba3c2,Bc2e3][%mdl 32]} a6 16. Nc2 O-O-O 17. Bd3 Ng8 18. Bd2 Bg3+ 19. Ke2 Bd6 20. Rag1 Ne7 21. Ne3 Rde8 22. Ng2 Bd7 23. Kd1 Ba4+ 24. b3 Bb5 25. Bc2 c5 26. Ne3 cxd4 27. cxd4 Ba3 28. Rg2 Kb8 29. Bb1 Rc8 ({Black should play} 29... Bb2) 30. Re1 Ka7 31. Nf5 Nxf5 32. gxf5 Rhe8 33. f6 gxf6 34. Bf5 Rxe1+ 35. Kxe1 Re8+ 36. Kf2 Re2+ 37. Kg1 {[#] Hoping for Rxe2.} Rxg2+ 38. Kxg2 $11 {[%mdl 4096] Endgame KBB-KBB} Bf8 39. a4 Be8 40. Ba5 b6 41. Bd2 Kb7 42. Bf4 b5 43. Bc2 Bd7 44. Kf2 Kb6 45. Ke2 Bh3 46. Bd3 Bd7 47. Bc2 Bh3 (47... f5 $15) 48. axb5 {The position is equal.} axb5 49. Kf2 Kc6 50. Bd3 Bc8 51. Ke2 Bd7 52. Kf2 {Accuracy: White = 47%, Black = 54%.} 1/2-1/2

[Event "Hunan Belt and Road Open 2019"]
[Site "Hunan"]
[Date "2019.08.05"]
[Round "8.11"]
[White "Narayanan.S.L"]
[Black "Chu, Wei Chao"]
[Result "1-0"]
[WhiteElo "2616"]
[BlackElo "2406"]
[Annotator "TA"]
[PlyCount "51"]
[EventDate "2019.07.29"]
[EventType "swiss"]
[EventCountry "CHN"]
[SourceTitle "playchess.com"]
[Source "ChessBase"]
[SourceQuality "1"]

{[%evp 16,51,56,53,86,79,68,68,79,76,119,108,136,112,104,70,96,75,91,85,368,356,358,331,347,353,346,361,355,338,488,259,634,622,706,672,955,958]} 1. e4 c5 2. Nf3 d6 3. d4 cxd4 4. Nxd4 Nf6 5. Nc3 a6 6. Be2 e6 7. f4 Be7 8. Be3 Qc7 9. g4 b5 {B84: Sicilian Scheveningen: 6 Be2 a6, lines without early Be3} 10. g5 Nfd7 11. a3 Nc5 {White is slightly better.} (11... Bb7 12. Qd2 Nc6 13. h4 Nxd4 14. Bxd4 e5 15. Be3 exf4 16. Bxf4 Ne5 17. O-O-O {1-0 (33) Hovhannisyan,R (2637)-Wang,H (2730) St Petersburg 2018}) 12. f5 O-O $146 ({Predecessor:} 12... Bb7 13. fxe6 Nxe6 14. Nf5 Bf8 15. Nd5 Qd8 16. Bb6 Qc8 17. Nd4 Bxd5 18. exd5 Qb7 19. Nxe6 Qxb6 20. Qd4 {½-½ (20) Neelotpal,D (2477)-Satyapragyan,S (2417) Mangalore 2008}) 13. f6 gxf6 14. Nf5 fxg5 15. Rg1 f6 $1 ({Don't blunder} 15... exf5 $2 16. Nd5 $18) 16. Nxe7+ Qxe7 17. h4 {[%cal Rh4g5]} h6 $2 {[%mdl 8192]} (17... Bb7 $16 {is a better defense.}) 18. Qd2 Rf7 19. hxg5 hxg5 ({Inferior is} 19... fxg5 20. Rh1 $14) 20. O-O-O {aiming for e5.} Nbd7 {[#]} 21. Bxg5 $1 fxg5 22. Rxg5+ Kf8 (22... Rg7 $142 23. Rdg1 Rxg5 24. Rxg5+ Kh8) 23. Rh1 (23. Rdg1 $142 {[%csl Gg1][%cal Rg5g8]} Nf6 24. Bh5) 23... Ke8 $2 (23... Qf6) 24. Bh5 $18 {Strongly threatening Rg8+.White is clearly winning.} Nf6 25. Bxf7+ Kxf7 {[#]} 26. e5 $1 {[%mdl 512] Accuracy: White = 85%, Black = 49%.} 1-0

[Event "Hunan Belt and Road Open 2019"]
[Site "Hunan"]
[Date "2019.08.05"]
[Round "8.12"]
[White "Batchuluun, Tsegmed"]
[Black "Zhou, Jianchao"]
[Result "0-1"]
[WhiteElo "2535"]
[BlackElo "2608"]
[Annotator "TA"]
[PlyCount "74"]
[EventDate "2019.07.29"]
[EventType "swiss"]
[EventCountry "CHN"]
[SourceTitle "playchess.com"]
[Source "ChessBase"]
[SourceQuality "1"]

{[%evp 19,104,25,35,16,24,21,36,0,-10,-17,-7,-8,0,-7,-9,-23,-12,-8,-15,-16,0,0,0,-37,0,0,13,-9,-12,-17,0,0,0,0,0,-34,0,-28,0,-31,-6,-64,-31,-33,-33,-35,-23,-108,-111,-171,-170,-181,-174,-229,-245,-284,-268,-285,-284,-272,-280,-472,-466,-466,-470,-531,-531,-539,-608,-592,-590,-556,-574,-558,-520,-567,-550,-659,-655,-662,-620,-29989,-29990,-29996,-29997,-29997,-333]} 1. d4 Nf6 2. c4 g6 3. Nc3 Bg7 4. e4 d6 5. f3 O-O 6. Be3 a6 7. Qd2 c6 8. Bd3 b5 9. Nge2 Nbd7 10. O-O e5 11. b3 {E81: King's Indian: Sämisch: 6th move deviations (including 6 Be3 c6)} (11. d5 bxc4 12. Bxc4 Nb6 13. b3 cxd5 14. Bxd5 Nbxd5 15. Nxd5 Nxd5 16. Qxd5 Be6 17. Qd2 d5 18. exd5 Qxd5 19. Qxd5 Bxd5 20. Rfd1 e4 21. Bd4 exf3 22. Bxg7 fxe2 23. Rxd5 Kxg7 24. Re1 Rfd8 25. Rxd8 Rxd8 26. Rxe2 {½-½ (26) Gozzoli,Y (2622)-Karthikeyan,M (2596) Brest 2019}) 11... exd4 12. Nxd4 Ne5 13. Be2 {White is slightly better.} c5 14. Nc2 bxc4 15. bxc4 Be6 16. Nd5 Nxd5 17. exd5 Bd7 18. Rab1 Rb8 19. h3 $146 {Hoping for f4.} ({Predecessor:} 19. Bg5 Qc7 20. Ne3 f5 21. f4 Nf7 {0-1 (21) Lavoie,O (1562)-Barr,E (1878) ICCF email 2008}) 19... Rxb1 20. Rxb1 {Threatens to win with f4.} Bf5 21. f4 Bxc2 22. Qxc2 Nd7 23. Bf2 Bd4 24. Bg4 Bxf2+ 25. Qxf2 Nf6 26. Bf3 Re8 27. Qb2 Qe7 28. Qc3 Qd8 (28... Ne4 $5 {[%cal Re4c3]} 29. Qe1 Kf8 $11) 29. Qb2 h5 30. Qa3 (30. Qc2 $11) 30... Ne4 31. Bxe4 $1 Rxe4 {[%mdl 64] [#] Double Attack} 32. Qxa6 $15 {[%mdl 4096] Endgame KQR-KQR} Re2 33. Qa3 (33. Kh1 $11 {keeps the balance.}) 33... Qf6 $40 {[%mdl 128] Black wants a kill.} 34. Qd3 (34. Kh1 $17) 34... Rxa2 $19 35. Qe4 Rd2 36. Rf1 (36. f5 {was called for.}) 36... Rd4 37. Qe8+ Kh7 {Played: Kg8-g7} 0-1

[Event "Hunan Belt and Road Open 2019"]
[Site "Hunan"]
[Date "2019.08.05"]
[Round "8.13"]
[White "Lagno, Kateryna"]
[Black "Oleksiyenko, Mykhaylo"]
[Result "1/2-1/2"]
[WhiteElo "2549"]
[BlackElo "2600"]
[Annotator "TA"]
[PlyCount "55"]
[EventDate "2019.07.29"]
[EventType "swiss"]
[EventCountry "CHN"]
[SourceTitle "playchess.com"]
[Source "ChessBase"]
[SourceQuality "1"]

{[%evp 15,55,10,18,15,22,17,16,12,38,31,37,21,70,55,52,52,54,47,57,53,54,37,37,28,40,43,56,56,46,0,0,0,0,0,0,0,0,0,0,0,0,0]} 1. e4 c6 2. d4 d5 3. Nd2 dxe4 4. Nxe4 Nf6 5. Nxf6+ exf6 6. Bc4 Bd6 7. Qe2+ Qe7 8. Qxe7+ Kxe7 9. Bd3 {B15: Caro-Kann: 3 Nc3: 3...g6 and 3...dxe4 4 Nxe4 Nf6 5 Nxf6+ exf6} (9. Bd2 Be6 10. Bxe6 fxe6 11. O-O-O c5 12. Ne2 Nc6 13. Be3 cxd4 14. Nxd4 Nxd4 15. Rxd4 Bc5 {½-½ (15) Movsesian,S (2627)-Berkes,F (2666) Skopje 2019}) 9... Na6 $146 ({Predecessor:} 9... Re8 10. Ne2 h6 11. O-O Kf8 12. Bf4 Be7 13. Rfe1 Nd7 14. Ng3 Nb6 15. Nf5 Bxf5 16. Bxf5 Nd5 {½-½ (39) Carrasco Martinez,J-Pareja Perez,J (2080) Spain 1993}) 10. c3 Nc7 11. Ne2 Bg4 12. Ng3 Rhe8 13. O-O Kd7 14. h3 ({Worse is} 14. Bxh7 g6 $17) 14... Be6 15. Nh5 ({Weaker is} 15. Bxh7 g6 $17) 15... Rg8 16. c4 f5 17. Bd2 Rad8 18. Bc3 Kc8 19. Rfd1 Ne8 20. d5 cxd5 21. cxd5 Bd7 22. Re1 g6 {The position is equal.} 23. Nf6 Nxf6 24. Bxf6 Rde8 25. Kf1 a6 26. Rac1+ Kb8 27. Bd4 Rxe1+ 28. Rxe1 {Accuracy: White = 54%, Black = 77%.} 1/2-1/2

[Event "Hunan Belt and Road Open 2019"]
[Site "Hunan"]
[Date "2019.08.05"]
[Round "8.14"]
[White "Khademalsharieh, Sarasadat"]
[Black "Ju, Wenjun"]
[Result "1/2-1/2"]
[WhiteElo "2481"]
[BlackElo "2595"]
[Annotator "TA"]
[PlyCount "40"]
[EventDate "2019.07.29"]
[EventType "swiss"]
[EventCountry "CHN"]
[SourceTitle "playchess.com"]
[Source "ChessBase"]
[SourceQuality "1"]

{[%evp 18,40,5,7,12,6,10,19,16,11,9,12,29,20,35,8,7,10,12,9,12,0,14,0,0]} 1. d4 Nf6 2. c4 e6 3. Nf3 d5 4. Nc3 Bb4 5. Bg5 h6 6. Bxf6 Qxf6 7. Qb3 c5 8. cxd5 exd5 9. a3 Bxc3+ 10. Qxc3 b6 {D38: Queen's Gambit Declined: Ragozin Defence (4 Nf3 Bb4)} (10... c4 11. b3 Be6 12. Ne5 O-O 13. e3 Nc6 14. Be2 Nxe5 15. dxe5 Qg6 16. O-O d4 17. exd4 cxb3 18. Bf3 {0-1 (32) Dreev,A (2648)-Carlsen,M (2827) Tbilisi 2017}) 11. e3 O-O 12. dxc5 {aiming for Qxf6.} Qxc3+ 13. bxc3 bxc5 14. c4 Be6 15. Rc1 {[#]} dxc4 $146 ({Predecessor:} 15... Rc8 16. cxd5 Bxd5 17. Bb5 a6 18. Ba4 {0-1 (46) Brown,M (2246)-Mitkov,N (2513) Las Vegas 2012}) 16. Ne5 Nd7 {The position is equal.} 17. Nxd7 Bxd7 18. Bxc4 Rab8 19. Kd2 Rfc8 20. Kc3 Kf8 {Accuracy: White = 54%, Black = 48%.} 1/2-1/2

[Event "Hunan Belt and Road Open 2019"]
[Site "Hunan"]
[Date "2019.08.05"]
[Round "8.15"]
[White "Wen, Yang"]
[Black "Bilguun, Sumiya"]
[Result "1-0"]
[WhiteElo "2586"]
[BlackElo "2482"]
[Annotator "TA"]
[PlyCount "51"]
[EventDate "2019.07.29"]
[EventType "swiss"]
[EventCountry "CHN"]
[SourceTitle "playchess.com"]
[Source "ChessBase"]
[SourceQuality "1"]

{[%evp 9,51,10,18,28,50,50,50,46,45,46,56,49,65,67,68,76,86,66,116,120,107,116,112,115,160,166,375,368,390,376,454,454,445,457,420,406,438,426,630,649,630,645,648,644]} 1. e4 c5 2. Nf3 e6 3. d4 cxd4 4. Nxd4 a6 5. g3 Nf6 6. Bg2 {B41: Sicilian: Kan Variation: 5 c4} d6 (6... Qc7 7. O-O h5 8. Qe2 Bc5 9. Nb3 Ba7 10. Bf4 e5 11. Bg5 d6 12. Nc3 Be6 13. Bxf6 gxf6 {1-0 (33) Ragger,M (2696)-Pantsulaia,L (2611) Skopje 2019}) 7. O-O Be7 8. c4 {White is slightly better.} O-O 9. Nc3 Qc7 10. Be3 Bd7 11. Rc1 Qd8 $146 ({Predecessor:} 11... Nc6 12. h3 Na5 13. Qe2 Rac8 14. Rfd1 Qb8 15. b3 Rfe8 16. f4 Bf8 {0-1 (60) Maksimovic,B (2339)-Bojkovic,S (2217) Nis 2015}) 12. Qe2 Nc6 13. Nb3 Ne5 14. f4 Nc6 15. Rfd1 e5 16. Nd5 Be6 17. Bb6 Qd7 $2 {[#]} (17... Qb8 {might work better.} 18. Nc7 Bg4) 18. Nxf6+ $18 Bxf6 19. f5 Bxf5 20. exf5 Qxf5 21. Rxd6 Be7 22. Rdd1 Bg5 23. Rc3 {White is clearly winning.} Nd4 (23... Qg6 $142 24. Rcd3 Rae8) 24. Nxd4 exd4 25. Bxd4 Rad8 26. Bd5 {Accuracy: White = 76%, Black = 39%.} 1-0

[Event "Hunan Belt and Road Open 2019"]
[Site "Hunan"]
[Date "2019.08.05"]
[Round "8.16"]
[White "Peng, Xiongjian"]
[Black "Xu, Xiangyu"]
[Result "1/2-1/2"]
[WhiteElo "2467"]
[BlackElo "2585"]
[Annotator "TA"]
[PlyCount "42"]
[EventDate "2019.07.29"]
[EventType "swiss"]
[EventCountry "CHN"]
[SourceTitle "playchess.com"]
[Source "ChessBase"]
[SourceQuality "1"]

{[%evp 17,42,43,45,4,2,0,0,0,4,2,10,0,0,0,0,0,27,18,15,0,0,0,0,0,0,0,27]} 1. e4 c5 2. Nf3 Nc6 3. d4 cxd4 4. Nxd4 e5 5. Nb5 a6 6. Nd6+ Bxd6 7. Qxd6 Qe7 8. Qd1 Nf6 9. Nc3 d6 10. Bc4 {B32: Sicilian: Löwenthal and Kalashnikov Variations} (10. Bg5 Be6 11. Nd5 Bxd5 12. exd5 Nb8 13. Qf3 Nbd7 14. O-O-O h6 15. Be3 h5 16. h3 O-O-O 17. Ba7 Nc5 {1-0 (80) Yu,Y (2759)-Li,C (2725) Ningbo 2018}) 10... Be6 11. Bb3 h6 12. O-O O-O 13. Be3 Na5 14. Qd3 Nxb3 15. axb3 Rac8 $146 ({Predecessor:} 15... Rfd8 16. Bb6 Rd7 17. Nd5 Bxd5 18. exd5 {½-½ (64) Zier,L (2200)-Roeder,F (2325) Walldorf 1986}) 16. Rfd1 Rc6 17. f3 Rd8 {The position is equal.} 18. Nd5 Bxd5 $1 19. exd5 Rcc8 20. c4 e4 21. fxe4 Qxe4 {Accuracy: White = 44%, Black = 70%.} 1/2-1/2

[Event "Hunan Belt and Road Open 2019"]
[Site "Hunan"]
[Date "2019.08.05"]
[Round "8.17"]
[White "Xu, Yinglun"]
[Black "Yu, Ruiyuan"]
[Result "1/2-1/2"]
[WhiteElo "2562"]
[BlackElo "2464"]
[Annotator "TA"]
[PlyCount "49"]
[EventDate "2019.07.29"]
[EventType "swiss"]
[EventCountry "CHN"]
[SourceTitle "playchess.com"]
[Source "ChessBase"]
[SourceQuality "1"]

{[%evp 18,49,34,24,30,29,22,39,24,31,38,37,37,37,37,39,27,26,31,29,32,32,37,40,36,27,24,23,39,29,40,0,0,0]} 1. c4 c6 2. Nf3 d5 3. e3 Nf6 4. Nc3 g6 5. d4 Bg7 6. Be2 O-O 7. O-O Bg4 8. cxd5 cxd5 9. Qb3 b6 10. h3 Bc8 {D94: Grünfeld: 4 Nf3 Bg7 5 e3} 11. Bd2 Nc6 12. Rfc1 (12. Ne5 Bb7 13. Nxc6 Bxc6 14. Ba6 Qd7 15. Rac1 Bb7 16. Bb5 Qf5 17. Ne2 Rfc8 18. Bb4 {½-½ (90) Nakamura,H (2787)-Harikrishna,P (2763) chess.com INT 2016}) 12... Bb7 {White is slightly better.} 13. Rc2 Ne4 $146 ({Predecessor:} 13... Rc8 14. Rac1 e6 15. Be1 Ne8 16. a3 Nd6 17. Qa4 a6 18. Na2 {½-½ (29) Volek,S (2329)-Sykora,J (2304) ICCF email 2015}) 14. Be1 Nxc3 15. Bxc3 Qd6 16. Rac1 Rfc8 17. Bd2 e6 18. Bb5 Ne7 19. Bb4 Qd8 20. Qa3 Bf8 21. Ba6 Rxc2 22. Rxc2 Rc8 $1 {[%cal Rc8c2]} 23. Rxc8 Bxc8 24. Ne5 f6 25. Nf3 {Accuracy: White = 86%, Black = 89%.} 1/2-1/2